| 000 | 00796cab a2200277 4500 | ||
|---|---|---|---|
| 001 | ABS59295 | ||
| 008 | 090401t1998 xxu||||| |||| 00| 0 eng d | ||
| 035 | _a(Sirsi) u88764 | ||
| 041 | _aeng | ||
| 100 | _aHoare, S. | ||
| 245 | _aBrownfield bonus | ||
| 260 | _c1998 | ||
| 350 | _a0 | ||
| 490 |
_aHouse Builder _v57(8) September 1998, 55-56(2) |
||
| 520 | _aDiscusses the range of products and techniques available in order to tackle the remediation of contaminated land. | ||
| 650 | _aBROWNFIELD SITES | ||
| 650 | _aCONTAMINATED LAND | ||
| 650 | _aGROUNDWORKS SECTOR | ||
| 650 | _aLAND QUALITY INITIATIVE | ||
| 650 | _aNHBC | ||
| 650 | _aREMEDIATION | ||
| 650 | _aSPECIALIST CONTRACTORS | ||
| 690 | _aENVIRONMENTAL AND LAND CONSULTANCY | ||
| 942 | _n0 | ||
| 948 | _c30/09/1998 | ||
| 999 |
_c56117 _d56117 |
||